000 03092nam a22006377a 4500
001 1811
005 20231018103317.0
020 _a9781421523279
_q(v. 1 ;
_qpbk.)
020 _a1421523272
_q(v. 1 ;
_qpbk.)
020 _a9781421523286
_q(v. 2 ;
_qpbk.)
020 _a1421523280
_q(v. 2 ;
_qpbk.)
020 _a9781421523293
_q(v. 3 ;
_qpbk.)
020 _a1421523299
_q(v. 3 ;
_qpbk.)
020 _a9781421523309
_q(v. 4 ;
_qpbk.)
020 _a1421523302
_q(v. 4 ;
_qpbk.)
020 _a9781421523323
_q(v. 6 ;
_qpbk.)
020 _a1421523329
_q(v. 6 ;
_qpbk.)
020 _a9781421523330
_q(v. 7 ;
_qpbk.)
020 _a1421523337
_q(v. 7 ;
_qpbk.)
020 _a9781421523347
_q(v. 8 ;
_qpbk.)
020 _a1421523345
_q(v. 8 ;
_qpbk.)
020 _a9781421523354
_q(v. 9 ;
_qpbk.)
020 _a1421523353
_q(v. 9 ;
_qpbk.)
020 _a9781421537245
_q(v. 10 ;
_qpbk.)
020 _a1421537249
_q(v. 10 ;
_qpbk.)
040 _aBTCTA
_beng
_cBTCTA
_dOSU
_dIH9
_dOCLCQ
_dBAKER
_dBRL
_dHALAN
_dBIB
_dGK8
_dNZDAR
_dOCLCQ
_dT3G
_dT7B
_dAA5
_dYU7
_dMSA
_dOCLCF
_dOCLCQ
_dTOH
_dOCL
_dI8M
_dOCLCQ
_dOCLCA
_dIGA
_dAZZPT
_dQT4
_dM$J
_dDLC
_dFISKH
050 0 0 _aPZ7.7.H555
_bLe 2008
082 0 0 _a741.5/952
_223
100 1 _aHimekawa, Akira
_eartist,
_eauthor.
245 1 4 _aThe legend of Zelda /
_cstory and art by Akira Himekawa ; translation, John Werry ; English adaptation Steven "Stan!" Brown.
_bThe minish cap
250 _aTenth printing, May 2016
260 _aSan Francisco, CA :
_bVIZ Media,
_c2009
300 _a187 pages :
_bchiefly illustrations ;
_c20 cm
490 _aThe Legend of Zelda
_vBook 8
500 _a"Based on the hit video game series"--V. 1, p. [4] of cover.
500 _aPages numbered from right to left.
520 _aA boy named Link sets out on a quest to deliver the Emerald, one of the three spiritual stones that hold the key to controlling the land of Hyrule, to Zelda, the country's princess, facing many perils on his journey.
520 _aWritten by Akira Himekawa and published in early 2006 in Japan, this manga chronicles the adventures of Link in the game of the same name, including a short omake featuring Ezlo and Vaati. Viz released an English adaptation of this manga as Volume 8 of their Zelda series on December 1, 2009
521 1 _aRated A for all ages.
650 1 _aGraphic novels.
650 1 _aAdventure and adventurers
_vFiction.
650 1 _aQuests (Expeditions)
_vFiction.
650 1 _aFantasy.
650 7 _aCOMICS & GRAPHIC NOVELS / Manga / Fantasy.
_2bisacsh
650 7 _aCOMICS & GRAPHIC NOVELS / Manga / Media Tie-In.
_2bisacsh
650 7 _aJUVENILE FICTION / Action & Adventure.
_2bisacsh
650 7 _aAdventure and adventurers.
_2fast
_0(OCoLC)fst00797447
650 7 _aLegend of Zelda (Game)
_2fast
_0(OCoLC)fst00995587
650 7 _aComic books, strips, etc.
_2sears
655 0 _aGraphic novels.
655 7 _aComic books, strips, etc.
_2fast
_0(OCoLC)fst01423722
700 1 _aWerry, John
_c(Translator),
_etranslator.
700 0 _aStan!,
_d1964-
906 _a7
_bcbc
_ccopycat
_d2
_encip
_f20
_gy-gencatlg
942 _2ddc
_cBK
_n0
999 _c1811
_d1811